000 00238nam a2200109Ia 4500
005 20251222142000.0
008 251222s9999||||xx |||||||||||||| ||spa||
082 _a264.2/C72/2002
245 0 _aDominus Jesús:
264 _bCEP
942 _cLIB
999 _c9979
_d9979